Fundamental theologie

Guardat en:
Dades bibliogràfiques
Autor principal: Fries, Heinrich (Autor)
Format: Llibre
Idioma:alemany
Publicat: Graz Styria 1985
Edició:1a. ed
Matèries:
Etiquetes: Afegir etiqueta
Sense etiquetes, Sigues el primer a etiquetar aquest registre!

MARC

LEADER 00000cam a2200000 a 4500
001 UCE7615
003 CL-VaPUC
008 150626e19850000au |||||||||||||||||ger|d
020 |a 3222115966 
082 0 4 |a 239.7  |b FRI  |2 21 
100 0 |a Fries, Heinrich  |e author  |9 580290 
245 1 0 |a Fundamental theologie 
250 |a 1a. ed 
300 |a 579 p 
942 |c BK 
945 |d 20150626 15:30:00  |a gsalatino 
260 |a Graz  |b Styria  |c 1985 
650 0 |a Apologética  |9 269349 
650 0 |a Teología fundamental   |9 313207 
583 |a last modification  |c 20150626 15:30:00  |k Rodrigo Vera 
999 |c 359670  |d 359668 
952 |0 0  |1 0  |3 erd  |4 0  |6 239_700000000000000_FRI_1985  |7 0  |8 A  |9 469065  |a BIBTEO  |b BIBTEO  |e Casale Rolle, Carlos Ignacio, -2014  |i 518312K  |o 239.7 FRI 1985  |p 518312K  |r 2025-01-17  |w 2019-11-23  |y BK  |z Catalogado en:20150626  |k ICR